000 00728nam a2200193 a 4500
008 071106s2000 ||||||||||||||||| || u
020 _a0821348027
050 _aIBRD(06)WFP/2000/4
110 _aWorld Bank
245 1 0 _aAnticorruption in transition: a contribution to the policy debate
260 _aWashington, D. C.
_bWorld Bank
_c2000
300 _axxxi, 101p.: ill.
350 _a0.00
490 _aWorld free of poverty
650 _aPOOR--RESEARCH--DEVELOPING COUNTRIES
650 _aCORRUPTION--EAST ASIA
650 _aCORRUPTION--ECONOMIC ASPECTS
995 _D0.00
_FCBU-MAIN LIBRARY (Kitwe)
_H1
_I0.00
_M1
_UAVAILABLE
_WNov 6, 2007
_ZInternational Publications
999 _c34496
_d34496